00833nam a2200241 a 45000010005000000030010000050050017000150080041000320200015000730400025000880800016001132450167001292600057002963000027003535040025003806500032004056500022004376500026004596500022004857000027005077000028005347000029005621429BR-CuiBMT20231208004614.0231128s1999 dfba 000 0 por d a8585975040 aBR-CuiBMTcBR-CuiBMT a336.52200700aComo medir o déficit público :bquestões analíticas e metodológicas /corganizadores Mario I. Blejer, Adrienne Cheasty ; tradução: Kátia A. Roque. aBrasília :bSecretaria do Tesouro Nacional,c1999. a464 p. :bil. ;c21 cm aInclui bibliografia. aDéficit públicazBrasil aPolítica fiscal aOrçamento público aDespesa pública1 aBecker, Mario I.eorg.1 aCheasty, Adrienneeorg.1 aRoque, Kátia A.etrad.